<?xml version="1.0" encoding="UTF-8"?>
<record
    xmlns:xsi="http://www.w3.org/2001/XMLSchema-instance"
    xsi:schemaLocation="http://www.loc.gov/MARC21/slim http://www.loc.gov/standards/marcxml/schema/MARC21slim.xsd"
    xmlns="http://www.loc.gov/MARC21/slim">

  <leader>01673nam a22003017a 4500</leader>
  <datafield tag="952" ind1=" " ind2=" ">
    <subfield code="0">0</subfield>
    <subfield code="1">0</subfield>
    <subfield code="2">lcc</subfield>
    <subfield code="4">0</subfield>
    <subfield code="7">0</subfield>
    <subfield code="a">21</subfield>
    <subfield code="b">21</subfield>
    <subfield code="d">2016-11-17</subfield>
    <subfield code="l">0</subfield>
    <subfield code="o">B105.C473 C656</subfield>
    <subfield code="p">21 003458</subfield>
    <subfield code="r">2017-06-30</subfield>
    <subfield code="t">1</subfield>
    <subfield code="w">2016-11-17</subfield>
    <subfield code="y">LB</subfield>
  </datafield>
  <datafield tag="952" ind1=" " ind2=" ">
    <subfield code="0">0</subfield>
    <subfield code="1">0</subfield>
    <subfield code="2">lcc</subfield>
    <subfield code="4">0</subfield>
    <subfield code="7">0</subfield>
    <subfield code="a">13</subfield>
    <subfield code="b">13</subfield>
    <subfield code="d">2017-03-23</subfield>
    <subfield code="l">0</subfield>
    <subfield code="o">B105.C473  C656 2013</subfield>
    <subfield code="p">13 000944</subfield>
    <subfield code="r">2017-03-23</subfield>
    <subfield code="t">1</subfield>
    <subfield code="w">2017-03-23</subfield>
    <subfield code="y">LB</subfield>
  </datafield>
  <datafield tag="999" ind1=" " ind2=" ">
    <subfield code="c">89664</subfield>
    <subfield code="d">89664</subfield>
  </datafield>
  <controlfield tag="008">161117s2013    sp ||||| |||| 00| 0 spa d</controlfield>
  <datafield tag="020" ind1=" " ind2=" ">
    <subfield code="a">9788499409993</subfield>
  </datafield>
  <datafield tag="050" ind1="0" ind2="4">
    <subfield code="a">B105.C473 </subfield>
    <subfield code="b">C66</subfield>
  </datafield>
  <datafield tag="245" ind1="0" ind2="3">
    <subfield code="a">La complejidad de lo social </subfield>
    <subfield code="b">: la trama de la vida : nivel de integraci&#xF3;n social </subfield>
    <subfield code="c">/ Rafael Alberto P&#xE9;rez e Isabel Sanfeliu (coords.)</subfield>
  </datafield>
  <datafield tag="260" ind1="3" ind2=" ">
    <subfield code="a">Madrid</subfield>
    <subfield code="b">: Biblioteca Nueva</subfield>
    <subfield code="c">, 2013</subfield>
  </datafield>
  <datafield tag="300" ind1=" " ind2=" ">
    <subfield code="a">544 p&#xE1;ginas</subfield>
    <subfield code="c">; 24 cm.</subfield>
  </datafield>
  <datafield tag="490" ind1=" " ind2=" ">
    <subfield code="a">Viaje a la complejidad</subfield>
    <subfield code="v">; 4</subfield>
  </datafield>
  <datafield tag="504" ind1=" " ind2=" ">
    <subfield code="6">Incluye bibliograf&#xED;a.</subfield>
  </datafield>
  <datafield tag="505" ind1=" " ind2=" ">
    <subfield code="a">Complejidad de las interacciones humanas.
Hacia una antropolog&#xED;a compleja.
Hacia una sociolog&#xED;a compleja: relaci&#xF3;n, acci&#xF3;n, organizaci&#xF3;n y estrategia.
De la coordinaci&#xF3;n a la creaci&#xF3;n social de sentido: comunicaci&#xF3;n, lenguaje y significaci&#xF3;n.
De la interacci&#xF3;n a la creaci&#xF3;n.
Salud, enfermedad, orden, desorden y, tal vez, un nuevo orden.</subfield>
  </datafield>
  <datafield tag="519" ind1=" " ind2=" ">
    <subfield code="a">Plan flexible /</subfield>
    <subfield code="b">Psicologia /</subfield>
    <subfield code="c">Temas selectis de la psicolog&#xED;a social (P28) /</subfield>
    <subfield code="d">(21 003458) </subfield>
  </datafield>
  <datafield tag="519" ind1=" " ind2=" ">
    <subfield code="a">Plan flexible / </subfield>
    <subfield code="b">Psicolog&#xED;a / </subfield>
    <subfield code="c">Temas selectos de la psicolog&#xED;a social (P28) / </subfield>
    <subfield code="d">(13 000944) </subfield>
  </datafield>
  <datafield tag="650" ind1=" " ind2="0">
    <subfield code="a">COMPLEJIDAD (FILOSOFIA)</subfield>
  </datafield>
  <datafield tag="650" ind1=" " ind2="0">
    <subfield code="a">SOCIOLOGIA</subfield>
  </datafield>
  <datafield tag="650" ind1=" " ind2="0">
    <subfield code="a">FILOSOF&#xCD;A</subfield>
  </datafield>
  <datafield tag="650" ind1=" " ind2="0">
    <subfield code="a">EPISTEMOLOG&#xCD;A SOCIAL</subfield>
  </datafield>
  <datafield tag="700" ind1=" " ind2=" ">
    <subfield code="a">P&#xE9;rez Gonz&#xE1;lez, Rafael Alberto</subfield>
    <subfield code="e">coordinador</subfield>
  </datafield>
  <datafield tag="700" ind1=" " ind2=" ">
    <subfield code="a">Caparr&#xF3;s, Nicol&#xE1;s</subfield>
    <subfield code="e">editor de la compilaci&#xF3;n</subfield>
  </datafield>
  <datafield tag="700" ind1=" " ind2=" ">
    <subfield code="a">Cruz Roche, Rafael</subfield>
    <subfield code="e">editor de la compilaci&#xF3;n</subfield>
  </datafield>
  <datafield tag="700" ind1=" " ind2=" ">
    <subfield code="a">Sanfeli&#xFA;, Isabel</subfield>
    <subfield code="e">coordinador</subfield>
  </datafield>
  <datafield tag="942" ind1=" " ind2=" ">
    <subfield code="c">LB</subfield>
    <subfield code="2">lcc</subfield>
  </datafield>
</record>
